How to design and evaluate research in education / (Record no. 15397)
[ view plain ]
| 000 -LEADER | |
|---|---|
| fixed length control field | 00521cam a2200193 a 4500 |
| 020 ## - INTERNATIONAL STANDARD BOOK NUMBER | |
| ISBN | 007365728X |
| 040 ## - CATALOGING SOURCE | |
| Transcribing agency | DLC |
| 082 00 - DEWEY DECIMAL CLASSIFICATION NUMBER | |
| Classification number | 370 BOS 2000 A077 Or. |
| 100 1# - MAIN ENTRY--AUTHOR NAME | |
| Personal name | Fraenkel, Jack R., |
| 245 10 - TITLE STATEMENT | |
| Title | How to design and evaluate research in education / |
| 250 ## - EDITION STATEMENT | |
| Edition statement | 4th ed. |
| 260 ## - PUBLICATION, DISTRIBUTION, ETC. (IMPRINT) | |
| Place of publication | Boston : |
| Name of publisher | McGraw-Hill, |
| Year of publication | c2000. |
| 300 ## - PHYSICAL DESCRIPTION | |
| Number of Pages | xx, 684 p. : |
| Other physical details | ill. ; |
| Dimensions | 27 cm. |
| 650 #0 - SUBJECT ADDED ENTRY--TOPICAL TERM | |
| Topical Term | Education |
| 650 #0 - SUBJECT ADDED ENTRY--TOPICAL TERM | |
| Topical Term | Education |
| 650 #0 - SUBJECT ADDED ENTRY--TOPICAL TERM | |
| Topical Term | Proposal writing in educational research. |
| 700 1# - ADDED ENTRY--PERSONAL NAME | |
| Personal name | Wallen, Norman E. |
| 942 ## - ADDED ENTRY ELEMENTS (KOHA) | |
| Koha item type | សៀវភៅភាសាអង់គ្លេស |
| 952 ## - LOCATION AND ITEM INFORMATION (KOHA) | |
| Withdrawn status [LOCAL, KOHA] | 0 |
| Permanent Location | Date acquired | Koha item type | Lost status | Shelving location | Barcode | Current Location | Full call number |
|---|---|---|---|---|---|---|---|
| Library Block A | 2017-11-20 | សៀវភៅភាសាអង់គ្លេស | A077 | A19521 | Library Block A | 370 BOS 2000 A077 Or. |